| 000 | 01700cam a22003135a 4500 | ||
|---|---|---|---|
| 001 | L158503 | ||
| 008 | 150327s2012 xxk f 000 0 eng d | ||
| 020 | _a9780198714477 | ||
| 035 | _a(Sirsi) u158503 | ||
| 041 | 0 | _aeng | |
| 100 | 1 | _aBlake, Susan | |
| 245 | 0 | 2 | _aA practical apporach to alternative dispute resolution |
| 250 | _a3rd | ||
| 260 |
_aOxford _cOUP _b2012 |
||
| 300 | _aliv; 595p 24cm | ||
| 520 | _aProvides a comprehensive commentary and introduction to a wide range of dispute resolution approaches which can be used as alternatives to litigation in the courts. Alternative dispute resolution (ADR) is a key component of the Civil Procedure Rules (CPR) 1998 and their Pre-Action Protocols which require parties to consider ADR. Part I looks at the history and range of ADR methods including negotiation, mediation, conciliation, arbitration, adjudication and expert determination. Part II considers the interplay between ADR, CPR and litigation, Part III focuses on negotiation and mediation, Part IV looks at evaluation, conciliation and Ombudsmen, Part V ways of recording settlement, Part VI looks at adjudicative ADR including special requirements and schemes relating to the construction industry and enforcement of international agreements and conventions. Includes a detailed glossary and case law studies. | ||
| 590 | _aKA | ||
| 650 | 2 | 4 | _aCIVIL PROCEDURES RULES 1998 |
| 650 | 2 | 4 | _aNEGOTIATION |
| 650 | 2 | 4 | _aMEDIATION |
| 650 | 2 | 4 | _aEXPERT DETERMINATION |
| 650 | 2 | 4 | _aARBITRATION |
| 650 | 2 | 4 | _aADJUDICATION |
| 651 | 4 |
_aEngland and Wales _y1543- |
|
| 690 |
_aDispute resolution _96236 |
||
| 700 | 1 | _aBrowne, Julie | |
| 700 | 1 | _aSime, Stuart | |
| 942 | _n0 | ||
| 999 |
_c115349 _d115349 |
||